[Event "ROM-ch U08"]
[Site "Calimanesti Caciulata"]
[Date "2019.04.18"]
[Round "5"]
[White "Islai, David Andrei"]
[Black "Chicarosie, Tudor Andrei"]
[Result "1-0"]
[WhiteElo "1084"]
[BlackElo "1001"]
[PlyCount "71"]
[EventDate "2019.04.15"]
[EventType "swiss"]
[EventRounds "9"]
[EventCountry "ROU"]
[SourceTitle "CBM 190 Extra"]
[Source "ChessBase"]
[SourceDate "2019.07.15"]
[SourceVersion "1"]
[SourceVersionDate "2019.07.15"]
[SourceQuality "1"]

1. e4 e6 2. d4 d5 3. exd5 exd5 4. Bd3 Bd6 5. Nf3 f6 6. 0-0 Nc6 7. c3 Nge7 8. Bd2 Bd7 9. Qc2 Be6 10. Re1 Qd7 11. Bb5 a6 12. Bxc6 Qxc6 13. Rxe6 Kf7 14. Re1 g5 15. g3 g4 16. Nh4 Qd7 17. Bh6 f5 18. Qc1 Ng6 19. Qg5 Be7 20. Qxf5+ Qxf5 21. Nxf5 Bf6 22. Nd2 Rhe8 23. Re3 Rxe3 24. Nxe3 Re8 25. Nxd5 Bd8 26. Nf4 c6 27. Nc4 b5 28. Nd6+ Ke7 29. Nxe8 Kxe8 30. Re1+ Be7 31. Bg5 Nxf4 32. gxf4 a5 33. Rxe7+ Kd8 34. Ra7+ Kc8 35. Rxa5 Kd7 36. f5 1-0

[Event "ROM-ch U08"]
[Site "Calimanesti Caciulata"]
[Date "2019.04.17"]
[Round "3"]
[White "Popescu, Rares Stefan"]
[Black "Chicarosie, Tudor Andrei"]
[Result "0-1"]
[WhiteElo "1001"]
[BlackElo "1001"]
[PlyCount "24"]
[EventDate "2019.04.15"]
[EventType "swiss"]
[EventRounds "9"]
[EventCountry "ROU"]
[SourceTitle "CBM 190 Extra"]
[Source "ChessBase"]
[SourceDate "2019.07.15"]
[SourceVersion "1"]
[SourceVersionDate "2019.07.15"]
[SourceQuality "1"]

1. e4 e6 2. d4 d5 3. e5 Nc6 4. Nf3 f6 5. exf6 Nxf6 6. Bb5 a6 7. Bxc6+ bxc6 8. a3 Bd6 9. 0-0 0-0 10. Ne5 Bxe5 11. dxe5 Ne4 12. Kh1 c5 0-1

[Event "ROM-ch U08"]
[Site "Calimanesti Caciulata"]
[Date "2019.04.15"]
[Round "1"]
[White "Basturea, Ianis Stefan"]
[Black "Chicarosie, Tudor Andrei"]
[Result "1-0"]
[WhiteElo "1057"]
[BlackElo "1001"]
[PlyCount "79"]
[EventDate "2019.04.15"]
[EventType "swiss"]
[EventRounds "9"]
[EventCountry "ROU"]
[SourceTitle "CBM 190 Extra"]
[Source "ChessBase"]
[SourceDate "2019.07.15"]
[SourceVersion "1"]
[SourceVersionDate "2019.07.15"]
[SourceQuality "1"]

1. e4 e6 2. d4 d5 3. exd5 exd5 4. Bd3 Bd6 5. c3 Be6 6. Be3 Ne7 7. Ne2 Nbc6 8. Nd2 Qd7 9. Qc2 0-0-0 10. 0-0-0 f6 11. Kb1 g5 12. Bxh7 Bf5 13. Bxf5 Qxf5 14. Qxf5+ Nxf5 15. h3 Nxe3 16. fxe3 f5 17. Rhf1 Rdf8 18. Nf3 g4 19. hxg4 fxg4 20. Ng5 Rxf1 21. Rxf1 Rg8 22. Nf7 Kd7 23. Nxd6 Kxd6 24. Ng3 Na5 25. b3 b6 26. Nf5+ Kc6 27. Ne7+ Kd7 28. Nxg8 Ke8 29. Nf6+ Kf7 30. Nxd5+ Ke6 31. Nxc7+ Kd6 32. Nb5+ Kc6 33. Nxa7+ Kb7 34. Nb5 Ka6 35. Nd6 b5 36. e4 Kb6 37. Rf5 Kc6 38. Rxb5 Nb7 39. Rxb7 Kxd6 40. Rb5 1-0